The contribution of the retail sector to the economy, employment and regeneration (Record no. 106071)
[ view plain ]
| 000 -LEADER | |
|---|---|
| fixed length control field | 01837cam a2200229 4500 |
| 001 - CONTROL NUMBER | |
| control field | ##L1354561 |
| 008 - FIXED-LENGTH DATA ELEMENTS--GENERAL INFORMATION | |
| fixed length control field | 061027n2006 000 0 eng u |
| 035 ## - SYSTEM CONTROL NUMBER | |
| System control number | (Sirsi) u135456 |
| 041 0# - LANGUAGE CODE | |
| Language code of text/sound track or separate title | eng |
| 100 1# - MAIN ENTRY--PERSONAL NAME | |
| Personal name | Peat, Chris |
| 110 2# - MAIN ENTRY--CORPORATE NAME | |
| Corporate name or jurisdiction name as entry element | King Sturge & Co. |
| 9 (RLIN) | 1183 |
| 245 04 - TITLE STATEMENT | |
| Title | The contribution of the retail sector to the economy, employment and regeneration |
| Remainder of title | a report prepared by King Sturge LLP in association with business in the community (the underserved retail markets project) |
| 260 3# - PUBLICATION, DISTRIBUTION, ETC. | |
| Place of publication, distribution, etc. | London |
| Name of publisher, distributor, etc. | King Sturge LLP |
| Date of publication, distribution, etc. | September 2006 |
| 505 1# - FORMATTED CONTENTS NOTE | |
| Formatted contents note | Purpose of the project -- Executive summary -- Nationwide interview survey -- Retailing and the economy - experian -- Case studies -- challenges and conclusions |
| 520 ## - SUMMARY, ETC. | |
| Summary, etc. | A report prepared by King Sturge LLP in association with business in the community. Provides insight into a nationwide study which looks at the contribution of the retail sector to the economy, employment and regeneration. It is different because it looks at the impact of retail on people who work or have worked in the sector. The purpose of the project was to inspire informed debate among both private and public sector parties of the importance of retail jobs to both the micro and macro economy. Includes the survey questions and a breakdown of the participants' responses. Concludes with a number of challenges to those engaged in retail, from the public and private sectors, to consider the potential for retail to be a key driver for regeneration programmes that have a real and sustained impact. |
| 590 ## - LOCAL NOTE (RLIN) | |
| Local note | IKA 311006 |
| 651 #4 - SUBJECT ADDED ENTRY--GEOGRAPHIC NAME | |
| Geographic name | United Kingdom |
| Chronological subdivision | |
| 690 ## - LOCAL SUBJECT ADDED ENTRY--TOPICAL TERM (OCLC, RLIN) | |
| Topical term or geographic name as entry element | PROPERTY-COMMERCIAL PROPERTY-COMMERCIAL PROPERTY MARKET |
| 700 2# - ADDED ENTRY--PERSONAL NAME | |
| Personal name | McIntosh, Angus |
| 856 40 - ELECTRONIC LOCATION AND ACCESS | |
| Uniform Resource Identifier | <a href="https://www.kingsturge.co.uk/research/ ">https://www.kingsturge.co.uk/research/ </a> |
| Public note | View the item free of charge at www.kingsturge.co.uk/research/ ... |
| 942 ## - ADDED ENTRY ELEMENTS (KOHA) | |
| Suppress in OPAC | 0 |
| Withdrawn status | Lost status | Source of classification or shelving scheme | Damaged status | Not for loan | Home library | Current library | Shelving location | Date acquired | Total Checkouts | Full call number | Barcode | Date last seen | Copy number | Price effective from | Koha item type |
|---|---|---|---|---|---|---|---|---|---|---|---|---|---|---|---|
| Dewey Decimal Classification | Virtual | Virtual | Online | 27/10/2006 | ONLINE PUBLICATION | 135456-1001 | 06/08/2019 | 1 | 06/08/2019 | Book |